Laporan ekonomi 2013/2014
| Corporate Author: | |
|---|---|
| Format: | Book |
| Language: | Malay |
| Published: |
Kuala Lumpur :
Kementerian Kewangan Malaysia ,
2013
|
| Subjects: |
MARC
| LEADER | 00000cam a2200000 7i4500 | ||
|---|---|---|---|
| 001 | 0000026592 | ||
| 005 | 20151102.0 | ||
| 008 | 100426 my xs may | ||
| 040 | |a INS | ||
| 090 | 0 | 0 | |a HC497.M2 |b MKK 2013 |
| 110 | 1 | |a Malaysia |c Kementerian Kewangan | |
| 245 | 1 | 0 | |a Laporan ekonomi 2013/2014 |c Kementerian Kewangan Malaysia |
| 260 | |a Kuala Lumpur : |b Kementerian Kewangan Malaysia , |c 2013 | ||
| 300 | |a xv,161p. : |b ill. ; |c 27cm. | ||
| 650 | 0 | 0 | |a Malaysia |x Commerce |x Statistics |
| 650 | 0 | 0 | |a Malaysia |x Economic conditions |x Statistics |
| 999 | |a SER0007519 |b BOOK |c Open Shelf |e Default branch | ||